000 00554nam a22001697a 4500
008 150612b xxu||||| |||| 00| 0 eng d
020 _a847291187
020 _a8472912353
082 _a759.5
_bT 176g
100 _aTaramelli, E.; De Chirico, Giorgio
_93092
245 _aLos genios de la pintura De Chirico
_bGran Biblioteca Sarpe
260 _aMadrid
_bSarpe S.A.
_c1979
300 _a29 p.
_bill. (col)
_c23x29.5 cm
600 _a De Chirico, Giorgio
_d1888-1978
_93093
650 _xPintura-Italia
_xSurrealismo
_93094
700 _a De Chirico, Giorgio
_93095
999 _c687
_d687